[Event "C10"]
[Site "?"]
[Date "2020.08.30"]
[Round "5.9"]
[White "Myslowski, Tomasz"]
[Black "Bieronski, Nikodem"]
[Result "0-1"]
[BlackElo "1084"]
[WhiteElo "1269"]
[LiveChessVersion "1.4.8"]

1. e4 {[%clk 0:03:04]} e6 {[%clk 0:03:03]} 2. d4 {[%clk 0:03:05]} d5
{[%clk 0:03:04]} 3. exd5 {[%clk 0:03:05]} exd5 {[%clk 0:03:05]} 4. Bd3
{[%clk 0:03:05]} c5 {[%clk 0:03:05]} 5. Nf3 {[%clk 0:03:04]} Nc6 {[%clk 0:03:04]}
6. c3 {[%clk 0:03:04]} Nf6 {[%clk 0:03:05]} 7. Be3 {[%clk 0:03:00]} cxd4
{[%clk 0:03:04]} 8. Nxd4 {[%clk 0:03:00]} Nxd4 {[%clk 0:03:05]} 9. cxd4
{[%clk 0:03:00]} Be7 {[%clk 0:03:00]} 10. O-O {[%clk 0:03:00]} O-O
{[%clk 0:03:00]} 11. Re1 {[%clk 0:03:01]} Re8 {[%clk 0:03:01]} 12. Bg5
{[%clk 0:03:02]} Be6 {[%clk 0:02:59]} 13. Bxf6 {[%clk 0:03:01]} Bxf6
{[%clk 0:02:59]} 14. Qf3 {[%clk 0:03:00]} Bxd4 {[%clk 0:02:36]} 15. Nc3
{[%clk 0:02:54]} Bxc3 {[%clk 0:02:32]} 16. bxc3 {[%clk 0:02:55]} Rc8
{[%clk 0:02:18]} 17. Rab1 {[%clk 0:02:45]} b6 {[%clk 0:02:11]} 18. Re5
{[%clk 0:02:14]} Qd7 {[%clk 0:01:11]} 19. Bb5 {[%clk 0:01:53]} Qd6
{[%clk 0:01:00]} 20. Bxe8 {[%clk 0:01:48]} Qxe5 {[%clk 0:00:59]} 21. Bb5
{[%clk 0:01:40]} Qxc3 {[%clk 0:00:56]} 22. h3 {[%clk 0:01:39]} Qxf3
{[%clk 0:00:51]} 23. gxf3 {[%clk 0:01:38]} Bxh3 {[%clk 0:00:51]} 24. Ba6
{[%clk 0:01:22]} Rd8 {[%clk 0:00:43]} 25. Rd1 {[%clk 0:01:23]} Be6
{[%clk 0:00:42]} 26. Bc4 {[%clk 0:01:20]} h6 {[%clk 0:00:40]} 27. f4
{[%clk 0:01:20]} d4 {[%clk 0:00:40]} 28. Bxe6 {[%clk 0:01:17]} fxe6
{[%clk 0:00:40]} 29. Kf1 {[%clk 0:01:18]} g5 {[%clk 0:00:39]} 30. fxg5
{[%clk 0:01:19]} hxg5 {[%clk 0:00:40]} 31. Ke2 {[%clk 0:01:20]} Kf7
{[%clk 0:00:40]} 32. Kf3 {[%clk 0:01:21]} Kf6 {[%clk 0:00:39]} 33. Ke4
{[%clk 0:01:22]} e5 {[%clk 0:00:40]} 34. Rf1 {[%clk 0:01:14]} d3 {[%clk 0:00:40]}
35. Rd1 {[%clk 0:01:14]} d2 {[%clk 0:00:41]} 36. Ke3 {[%clk 0:01:14]} Kf5
{[%clk 0:00:42]} 37. Rxd2 {[%clk 0:01:15]} Rxd2 {[%clk 0:00:43]} 38. Kxd2
{[%clk 0:01:16]} Kf4 {[%clk 0:00:43]} 39. Ke2 {[%clk 0:01:17]} e4
{[%clk 0:00:44]} 40. a3 {[%clk 0:01:16]} a6 {[%clk 0:00:43]} 41. a4
{[%clk 0:01:17]} b5 {[%clk 0:00:44]} 42. axb5 {[%clk 0:01:17]} axb5
{[%clk 0:00:44]} 43. f3 {[%clk 0:01:17]} exf3+ {[%clk 0:00:44]} 44. Kf2
{[%clk 0:01:19]} g4 {[%clk 0:00:44]} 45. Kf1 {[%clk 0:01:20]} g3 {[%clk 0:00:44]}
46. Kg1 {[%clk 0:01:21]} f2+ {[%clk 0:00:44]} 47. Kg2 {[%clk 0:01:21]} b4
{[%clk 0:00:45]} 48. Kf1 {[%clk 0:01:18]} b3 {[%clk 0:00:46]} 49. Kg2 b2 50. Kf1
{[%clk 0:01:14]} b1=Q+ {[%clk 0:00:48]} 51. Ke2 {[%clk 0:01:15]} Qe1+
{[%clk 0:00:41]} 52. Kd3 {[%clk 0:01:16]} f1=R {[%clk 0:00:40]} 53. Kd4
{[%clk 0:01:15]} Rf2 {[%clk 0:00:40]} 54. Kd5 {[%clk 0:01:16]} Rd2+
{[%clk 0:00:41]} 55. Kc4 {[%clk 0:01:17]} Qc1+ {[%clk 0:00:42]} 56. Kb3
{[%clk 0:01:18]} Rb2+ {[%clk 0:00:43]} 0-1

[Event "C10"]
[Site "?"]
[Date "2020.08.30"]
[Round "5.10"]
[White "Zmarzly, Wiktor"]
[Black "Mielcuch, Karol"]
[Result "0-1"]
[BlackElo "1094"]
[WhiteElo "1253"]
[LiveChessVersion "1.4.8"]

1. c4 {[%clk 0:03:03]} e5 {[%clk 0:03:04]} 2. Nc3 {[%clk 0:03:04]} Nf6
{[%clk 0:03:05]} 3. g3 {[%clk 0:03:05]} Nc6 {[%clk 0:03:04]} 4. Bg2
{[%clk 0:03:06]} Bc5 {[%clk 0:03:05]} 5. d3 {[%clk 0:03:07]} d6 {[%clk 0:03:05]}
6. e3 {[%clk 0:03:05]} O-O {[%clk 0:03:03]} 7. a3 {[%clk 0:03:06]} a5
{[%clk 0:03:04]} 8. Nge2 {[%clk 0:03:05]} Bf5 {[%clk 0:03:02]} 9. O-O
{[%clk 0:03:02]} Re8 {[%clk 0:02:55]} 10. e4 {[%clk 0:03:02]} Bg6
{[%clk 0:02:56]} 11. Kh1 {[%clk 0:03:01]} Ng4 {[%clk 0:02:55]} 12. Qe1
{[%clk 0:02:40]} Qf6 {[%clk 0:02:55]} 13. f3 {[%clk 0:02:30]} Ne3
{[%clk 0:02:51]} 14. Bxe3 {[%clk 0:02:15]} Bxe3 {[%clk 0:02:51]} 15. Ng1
{[%clk 0:02:15]} Bxg1 {[%clk 0:02:51]} 16. Kxg1 {[%clk 0:02:15]} Nd4
{[%clk 0:02:51]} 17. Nd5 {[%clk 0:02:16]} Qd8 {[%clk 0:02:51]} 18. f4
{[%clk 0:02:12]} Nc2 {[%clk 0:02:51]} 19. Qd2 {[%clk 0:02:09]} Nxa1
{[%clk 0:02:51]} 20. Rxa1 {[%clk 0:02:10]} exf4 {[%clk 0:02:51]} 21. gxf4
{[%clk 0:02:11]} c6 {[%clk 0:02:49]} 22. Nc3 {[%clk 0:02:08]} Bh5
{[%clk 0:02:23]} 23. Re1 {[%clk 0:02:02]} Qh4 {[%clk 0:02:20]} 24. Ne2
{[%clk 0:01:44]} b5 {[%clk 0:02:18]} 25. Ng3 {[%clk 0:01:39]} bxc4
{[%clk 0:02:16]} 26. dxc4 {[%clk 0:01:39]} Bg4 {[%clk 0:02:10]} 27. Qxd6
{[%clk 0:01:34]} Re6 {[%clk 0:02:05]} 28. Qd2 {[%clk 0:01:26]} Rh6
{[%clk 0:02:06]} 29. Bf1 {[%clk 0:01:22]} Rd8 {[%clk 0:01:59]} 30. Qf2
{[%clk 0:01:20]} Rhd6 {[%clk 0:01:43]} 31. Nh1 {[%clk 0:00:38]} Qxf2+
{[%clk 0:01:39]} 32. Nxf2 {[%clk 0:00:38]} Bf3 {[%clk 0:01:40]} 33. Re3
{[%clk 0:00:33]} Rg6+ {[%clk 0:01:41]} 34. Bg2 {[%clk 0:00:29]} Rxg2+
{[%clk 0:01:42]} 35. Kf1 {[%clk 0:00:29]} Rxh2 {[%clk 0:01:41]} 36. Rxf3
{[%clk 0:00:29]} Rd2 {[%clk 0:01:34]} 37. e5 {[%clk 0:00:27]} Rxb2
{[%clk 0:01:34]} 38. f5 {[%clk 0:00:27]} h6 {[%clk 0:01:34]} 39. e6
{[%clk 0:00:27]} fxe6 {[%clk 0:01:35]} 40. fxe6 {[%clk 0:00:27]} Rh5
{[%clk 0:01:28]} 41. Re3 {[%clk 0:00:26]} Rf5 {[%clk 0:01:27]} 42. e7
{[%clk 0:00:24]} Rfxf2+ {[%clk 0:01:26]} 43. Kg1 {[%clk 0:00:24]} Rg2+
{[%clk 0:01:23]} 44. Kh1 {[%clk 0:00:25]} Rb8 {[%clk 0:01:01]} 45. e8=Q+
{[%clk 0:00:23]} Rxe8 {[%clk 0:01:02]} 46. Rxe8+ {[%clk 0:00:24]} Kf7
{[%clk 0:01:03]} 47. Rc8 {[%clk 0:00:25]} Rg6 {[%clk 0:00:59]} 48. Ra8
{[%clk 0:00:24]} Rg5 {[%clk 0:00:53]} 49. Ra6 {[%clk 0:00:25]} Rc5
{[%clk 0:00:54]} 50. a4 {[%clk 0:00:26]} g5 {[%clk 0:00:53]} 51. Kg2
{[%clk 0:00:26]} Kf6 {[%clk 0:00:54]} 52. Ra8 {[%clk 0:00:24]} Kf5
{[%clk 0:00:55]} 53. Kf3 {[%clk 0:00:25]} g4+ {[%clk 0:00:55]} 54. Kg3
{[%clk 0:00:26]} h5 {[%clk 0:00:51]} 55. Rf8+ {[%clk 0:00:25]} Ke4
{[%clk 0:00:52]} 56. Rf4+ {[%clk 0:00:23]} Kd3 {[%clk 0:00:53]} 57. Kh4
{[%clk 0:00:22]} Rxc4 {[%clk 0:00:53]} 58. Rf6 {[%clk 0:00:20]} Rxa4
{[%clk 0:00:52]} 59. Rf8 {[%clk 0:00:20]} c5 {[%clk 0:00:49]} 60. Rb8
{[%clk 0:00:21]} c4 {[%clk 0:00:50]} 61. Rb1 {[%clk 0:00:21]} c3 {[%clk 0:00:51]}
62. Rb3 {[%clk 0:00:22]} Kd2 {[%clk 0:00:52]} 63. Rb6 {[%clk 0:00:23]} c2 64.
Rd6+ {[%clk 0:00:23]} Kc3 {[%clk 0:00:53]} 65. Rc6+ {[%clk 0:00:23]} Rc4
{[%clk 0:00:54]} 66. Re6 {[%clk 0:00:23]} c1=Q {[%clk 0:00:53]} 67. Rd6
{[%clk 0:00:23]} Qh1+ {[%clk 0:00:51]} 68. Kg5 {[%clk 0:00:24]} Rc5+
{[%clk 0:00:50]} 69. Kf6 {[%clk 0:00:24]} Qf3+ {[%clk 0:00:51]} 70. Kg6
{[%clk 0:00:25]} Qf5+ {[%clk 0:00:52]} 71. Kh6 {[%clk 0:00:25]} Qg5+
{[%clk 0:00:53]} 72. Kh7 {[%clk 0:00:25]} Rc7+ {[%clk 0:00:53]} 73. Kh8
{[%clk 0:00:25]} Qg7# {[%clk 0:00:55]} 0-1

[Event "C10"]
[Site "?"]
[Date "2020.08.30"]
[Round "6.1"]
[White "Wojtacha, Krzysztof"]
[Black "Lecki, Leonard"]
[Result "0-1"]
[BlackElo "1068"]
[WhiteElo "1445"]
[LiveChessVersion "1.4.8"]

1. e4 {[%clk 0:03:03]} e6 {[%clk 0:03:03]} 2. d4 {[%clk 0:03:04]} d5
{[%clk 0:03:05]} 3. Bd3 {[%clk 0:03:04]} c5 {[%clk 0:03:03]} 4. exd5
{[%clk 0:03:04]} exd5 {[%clk 0:03:04]} 5. Nf3 {[%clk 0:03:03]} Nc6
{[%clk 0:03:03]} 6. c3 {[%clk 0:03:00]} Bg4 {[%clk 0:03:01]} 7. Be3
{[%clk 0:02:47]} cxd4 {[%clk 0:02:53]} 8. cxd4 {[%clk 0:02:44]} Nf6
{[%clk 0:02:53]} 9. O-O {[%clk 0:02:31]} Be7 {[%clk 0:02:54]} 10. Nbd2
{[%clk 0:02:23]} O-O {[%clk 0:02:52]} 11. h3 {[%clk 0:02:13]} Be6
{[%clk 0:02:44]} 12. Qc2 {[%clk 0:02:11]} Nb4 {[%clk 0:02:40]} 13. Qb3
{[%clk 0:02:08]} Nxd3 14. Qxd3 {[%clk 0:02:07]} Qb6 {[%clk 0:02:40]} 15. b3
{[%clk 0:02:01]} Rac8 {[%clk 0:02:40]} 16. Rac1 {[%clk 0:01:55]} Ba3
{[%clk 0:02:38]} 17. Rxc8 {[%clk 0:01:41]} Rxc8 {[%clk 0:02:39]} 18. Ne5
{[%clk 0:01:34]} Qb4 {[%clk 0:02:29]} 19. Ndf3 {[%clk 0:01:23]} Qc3
{[%clk 0:02:24]} 20. Qxc3 {[%clk 0:01:20]} Rxc3 {[%clk 0:02:25]} 21. Bg5
{[%clk 0:00:41]} Ne4 {[%clk 0:02:22]} 22. Bd2 {[%clk 0:00:42]} Nxd2
{[%clk 0:02:19]} 23. Nxd2 {[%clk 0:00:42]} Rc2 {[%clk 0:02:21]} 24. Ndf3
{[%clk 0:00:40]} Rxa2 {[%clk 0:02:20]} 25. Ne1 {[%clk 0:00:30]} Rb2
{[%clk 0:02:12]} 26. N1d3 {[%clk 0:00:25]} Rxb3 {[%clk 0:02:12]} 27. Nc5
{[%clk 0:00:23]} Bxc5 {[%clk 0:02:13]} 28. dxc5 {[%clk 0:00:23]} Rc3
{[%clk 0:02:13]} 29. c6 {[%clk 0:00:20]} bxc6 {[%clk 0:02:14]} 30. Ra1
{[%clk 0:00:20]} f6 {[%clk 0:02:11]} 31. Nf3 {[%clk 0:00:19]} c5 {[%clk 0:02:04]}
32. Rxa7 {[%clk 0:00:18]} d4 {[%clk 0:02:05]} 33. Ra1 {[%clk 0:00:14]} d3
{[%clk 0:02:02]} 34. Rd1 {[%clk 0:00:13]} Bb3 {[%clk 0:02:01]} 35. Rd2
{[%clk 0:00:12]} c4 {[%clk 0:02:00]} 36. Ne1 {[%clk 0:00:11]} Rc1
{[%clk 0:01:52]} 37. Kf1 {[%clk 0:00:09]} c3 {[%clk 0:01:52]} 38. Rxd3
{[%clk 0:00:04]} Bc4 {[%clk 0:01:53]} 39. Ke2 {[%clk 0:00:05]} Rxe1+
{[%clk 0:01:51]} 40. Kxe1 {[%clk 0:00:05]} Bxd3 {[%clk 0:01:52]} 41. Kd1
{[%clk 0:00:06]} Kf7 {[%clk 0:01:51]} 42. f4 {[%clk 0:00:06]} Ke6
{[%clk 0:01:52]} 43. Kc1 {[%clk 0:00:06]} Kf5 {[%clk 0:01:51]} 44. g3
{[%clk 0:00:07]} Ke4 {[%clk 0:01:52]} 45. g4 {[%clk 0:00:07]} Kxf4
{[%clk 0:01:53]} 46. Kd1 {[%clk 0:00:08]} Ke3 {[%clk 0:01:54]} 47. g5
{[%clk 0:00:07]} f5 {[%clk 0:01:53]} 48. Kc1 {[%clk 0:00:08]} f4 {[%clk 0:01:54]}
49. h4 {[%clk 0:00:05]} f3 {[%clk 0:01:55]} 50. g6 {[%clk 0:00:05]} f2
{[%clk 0:01:53]} 51. h5 {[%clk 0:00:04]} f1=R# {[%clk 0:01:50]} 0-1

[Event "C10"]
[Site "?"]
[Date "2020.08.30"]
[Round "6.2"]
[White "Jasiulewicz, Kamil"]
[Black "Sowinski, Pawel"]
[Result "1/2-1/2"]
[BlackElo "1527"]
[WhiteElo "1381"]
[LiveChessVersion "1.4.8"]

1. d4 {[%clk 0:03:03]} Nf6 {[%clk 0:03:04]} 2. c4 {[%clk 0:03:04]} c5
{[%clk 0:03:05]} 3. Nf3 {[%clk 0:03:04]} cxd4 {[%clk 0:03:06]} 4. Nxd4
{[%clk 0:03:04]} g6 {[%clk 0:03:07]} 5. Nc3 {[%clk 0:03:01]} Bg7 {[%clk 0:03:08]}
6. Bf4 {[%clk 0:02:59]} Nc6 {[%clk 0:03:08]} 7. e3 {[%clk 0:02:59]} O-O
{[%clk 0:03:08]} 8. Be2 {[%clk 0:02:56]} d6 {[%clk 0:03:09]} 9. O-O
{[%clk 0:02:53]} e5 {[%clk 0:02:56]} 10. Nxc6 {[%clk 0:02:53]} bxc6
{[%clk 0:02:57]} 11. Bg3 {[%clk 0:02:48]} Be6 {[%clk 0:02:56]} 12. c5
{[%clk 0:02:48]} dxc5 {[%clk 0:02:46]} 13. Bxe5 {[%clk 0:02:46]} Nd5
{[%clk 0:01:57]} 14. Bxg7 {[%clk 0:02:38]} Kxg7 {[%clk 0:01:58]} 15. Qc2
{[%clk 0:02:34]} Nb4 {[%clk 0:01:47]} 16. Qe4 {[%clk 0:02:23]} Qd2
{[%clk 0:01:22]} 17. Qe5+ {[%clk 0:02:05]} Kg8 {[%clk 0:01:10]} 18. Qxc5
{[%clk 0:02:03]} Rab8 {[%clk 0:00:58]} 19. a3 {[%clk 0:02:00]} Nd5
{[%clk 0:00:53]} 20. Rfd1 {[%clk 0:01:47]} Qxb2 {[%clk 0:00:52]} 21. Nxd5
{[%clk 0:01:42]} Bxd5 {[%clk 0:00:50]} 22. Bg4 {[%clk 0:01:39]} Qb6
{[%clk 0:00:40]} 23. Qc3 {[%clk 0:01:36]} Qb2 {[%clk 0:00:39]} 24. Qc5
{[%clk 0:01:32]} Qb6 {[%clk 0:00:38]} 25. Qc3 {[%clk 0:01:33]} Qb3
{[%clk 0:00:31]} 26. Qc5 {[%clk 0:01:30]} Qb5 {[%clk 0:00:25]} 27. Qc3
{[%clk 0:01:29]} f5 {[%clk 0:00:21]} 28. Bh3 {[%clk 0:01:17]} Qb6
{[%clk 0:00:20]} 29. g3 {[%clk 0:01:16]} Qb3 {[%clk 0:00:14]} 30. Qe5
{[%clk 0:01:11]} Rbe8 {[%clk 0:00:15]} 31. Qd6 {[%clk 0:01:04]} Qb8
{[%clk 0:00:16]} 32. Qc5 {[%clk 0:01:03]} g5 {[%clk 0:00:15]} 33. Bg2
{[%clk 0:01:02]} Bxg2 {[%clk 0:00:14]} 34. Kxg2 {[%clk 0:01:02]} f4
{[%clk 0:00:11]} 35. Qxc6 {[%clk 0:00:57]} f3+ {[%clk 0:00:09]} 36. Kf1
{[%clk 0:00:49]} Qe5 {[%clk 0:00:08]} 37. Qc4+ {[%clk 0:00:49]} Kh8
{[%clk 0:00:07]} 1/2-1/2

[Event "C10"]
[Site "?"]
[Date "2020.08.30"]
[Round "6.3"]
[White "Zielen, Stanislaw"]
[Black "Chomicki, Kornel"]
[Result "0-1"]
[BlackElo "1164"]
[WhiteElo "1248"]
[LiveChessVersion "1.4.8"]

1. e4 {[%clk 0:03:03]} e5 {[%clk 0:03:03]} 2. Nf3 {[%clk 0:03:04]} Nc6
{[%clk 0:03:03]} 3. Bb5 {[%clk 0:03:06]} a6 {[%clk 0:03:04]} 4. Ba4 Nf6
{[%clk 0:03:01]} 5. Nc3 {[%clk 0:03:06]} b5 {[%clk 0:03:02]} 6. Bb3
{[%clk 0:03:07]} Be7 {[%clk 0:03:01]} 7. d3 {[%clk 0:03:03]} d6 {[%clk 0:03:01]}
8. Bg5 {[%clk 0:02:59]} O-O {[%clk 0:02:49]} 9. O-O {[%clk 0:02:38]} h6
{[%clk 0:02:42]} 10. Bh4 {[%clk 0:02:38]} Bg4 {[%clk 0:02:39]} 11. Bxf6
{[%clk 0:02:21]} Bxf6 {[%clk 0:02:37]} 12. Bd5 {[%clk 0:02:22]} Bxf3
{[%clk 0:02:26]} 13. Qxf3 {[%clk 0:02:15]} Qe8 {[%clk 0:02:12]} 14. Bxc6
{[%clk 0:01:38]} Qxc6 {[%clk 0:02:12]} 15. Nd5 {[%clk 0:01:36]} Bg5
{[%clk 0:02:01]} 16. c3 {[%clk 0:01:23]} Qb7 {[%clk 0:01:47]} 17. d4
{[%clk 0:01:02]} c6 {[%clk 0:01:46]} 18. Ne3 {[%clk 0:00:58]} Bxe3
{[%clk 0:01:45]} 19. fxe3 {[%clk 0:00:59]} Rae8 {[%clk 0:01:31]} 20. Rae1
{[%clk 0:00:52]} Re7 {[%clk 0:01:31]} 21. Rf2 {[%clk 0:00:49]} Rfe8
{[%clk 0:01:29]} 22. Rfe2 {[%clk 0:00:40]} Qd7 {[%clk 0:01:16]} 23. Rd1
{[%clk 0:00:28]} Qc7 {[%clk 0:01:01]} 24. Rf1 {[%clk 0:00:19]} Qd7
{[%clk 0:00:39]} 25. Ref2 {[%clk 0:00:19]} Qe6 {[%clk 0:00:27]} 26. d5
{[%clk 0:00:18]} cxd5 {[%clk 0:00:27]} 27. exd5 {[%clk 0:00:19]} Qg6
{[%clk 0:00:23]} 28. e4 {[%clk 0:00:19]} Rc7 {[%clk 0:00:15]} 29. Qf5
{[%clk 0:00:12]} Qxf5 {[%clk 0:00:14]} 30. Rxf5 {[%clk 0:00:13]} f6
{[%clk 0:00:15]} 31. Re1 {[%clk 0:00:13]} Kf7 {[%clk 0:00:16]} 32. Kf2
{[%clk 0:00:12]} Rec8 {[%clk 0:00:14]} 33. b3 {[%clk 0:00:12]} Rxc3
{[%clk 0:00:12]} 34. Kg1 {[%clk 0:00:05]} Rc2 {[%clk 0:00:12]} 35. a4
{[%clk 0:00:04]} Rb2 {[%clk 0:00:11]} 36. axb5 {[%clk 0:00:05]} axb5
{[%clk 0:00:11]} 37. Re3 {[%clk 0:00:05]} Rcc2 {[%clk 0:00:11]} 38. Rg3
{[%clk 0:00:03]} Rc1+ {[%clk 0:00:12]} 39. Rf1 {[%clk 0:00:04]} Rxf1+
{[%clk 0:00:12]} 40. Kxf1 {[%clk 0:00:06]} g5 {[%clk 0:00:09]} 41. Rc3
{[%clk 0:00:07]} b4 {[%clk 0:00:09]} 42. Rc7+ {[%clk 0:00:06]} Ke8
{[%clk 0:00:08]} 43. Rc6 {[%clk 0:00:06]} Kd7 {[%clk 0:00:08]} 44. Ra6
{[%clk 0:00:04]} Rxb3 {[%clk 0:00:09]} 45. Ra7+ {[%clk 0:00:05]} Ke8
{[%clk 0:00:09]} 46. Rh7 {[%clk 0:00:06]} Re3 {[%clk 0:00:08]} 47. Rxh6
{[%clk 0:00:07]} Rxe4 {[%clk 0:00:09]} 48. Rxf6 {[%clk 0:00:07]} Rf4+
{[%clk 0:00:10]} 49. Rxf4 {[%clk 0:00:08]} exf4 {[%clk 0:00:11]} 0-1

[Event "C10"]
[Site "?"]
[Date "2020.08.30"]
[Round "6.4"]
[White "Wesolowski, Jeremi"]
[Black "Witczak, Borys"]
[Result "0-1"]
[BlackElo "1053"]
[WhiteElo "1364"]
[LiveChessVersion "1.4.8"]

1. e4 c5 2. Nf3 d6 3. d4 cxd4 4. Nxd4 Nf6 5. Nc3 a6 6. Be3 e5 7. Nb3 Be7 8. f3
Be6 9. Nd5 Nxd5 10. exd5 Bf5 11. Bd3 Bxd3 12. Qxd3 Nd7 13. O-O O-O 14. f4 Bf6 15.
Kh1 Re8 16. c3 e4 17. Qd2 Nb6 18. Na5 Qc7 19. Bxb6 Qxb6 20. Nc4 Qc5 21. b3 b5 22.
Nb2 Bxc3 23. Qc2 Bxb2 24. Qxb2 Qxd5 25. Rad1 Qe6 26. Qd4 Red8 27. Rfe1 f5 28. Qd5
Kf7 29. Kg1 Qxd5 30. Rxd5 Ke6 31. Red1 Rac8 32. R5d2 d5 33. Kf2 b4 34. Ke2 Rc3
35. Rd4 a5 36. R1d2 Rc5 37. Rd1 Rc2+ 38. R1d2 Rxd2+ 39. Kxd2 Rc8 40. g3 Rc3 41.
Ke2 Rc2+ 42. Ke3 Rxa2 43. Rd1 Rb2 44. Ra1 Rxb3+ 45. Kd2 Ra3 46. Rc1 Rc3 47. Ra1
Rd3+ 48. Ke2 Ra3 49. Rc1 Ra2+ 50. Ke1 b3 51. Rc6+ Kd7 52. Rc1 Rxh2 53. Kd1 Rh1+
54. Kd2 Rxc1 55. Kxc1 d4 56. Kd2 Kd6 57. Kc1 e3 58. Kd1 b2 59. Kc2 e2 60. Kd3
b1=Q+ 61. Kxe2 Qc2+ 62. Kf1 Qd1+ 63. Kg2 a4 64. Kh3 Qh1# 0-1

[Event "C10"]
[Site "?"]
[Date "2020.08.30"]
[Round "6.5"]
[White "Bieronski, Nikodem"]
[Black "Butkiewicz, Jan"]
[Result "1/2-1/2"]
[BlackElo "1300"]
[WhiteElo "1084"]
[LiveChessVersion "1.4.8"]

1. e4 {[%clk 0:03:02]} c5 {[%clk 0:03:04]} 2. Nf3 {[%clk 0:03:03]} Nc6
{[%clk 0:03:05]} 3. d4 {[%clk 0:03:04]} cxd4 {[%clk 0:03:06]} 4. Nxd4
{[%clk 0:03:04]} Nf6 {[%clk 0:03:08]} 5. Nc3 {[%clk 0:03:05]} e6 {[%clk 0:03:09]}
6. Be3 {[%clk 0:03:06]} Bb4 {[%clk 0:03:10]} 7. Bd3 {[%clk 0:03:04]} Qa5
{[%clk 0:03:05]} 8. Qd2 {[%clk 0:02:49]} d5 {[%clk 0:02:57]} 9. exd5
{[%clk 0:02:47]} Nxd5 {[%clk 0:02:56]} 10. Nxc6 {[%clk 0:02:43]} bxc6
{[%clk 0:02:55]} 11. Bd4 {[%clk 0:02:30]} e5 {[%clk 0:02:17]} 12. Bxe5
{[%clk 0:02:03]} f6 {[%clk 0:02:18]} 13. Bd4 {[%clk 0:02:04]} c5 {[%clk 0:02:15]}
14. Be3 {[%clk 0:01:55]} Nxc3 {[%clk 0:02:12]} 15. a3 {[%clk 0:01:46]} Nd5
{[%clk 0:01:47]} 16. c3 {[%clk 0:01:46]} Nxc3 {[%clk 0:01:15]} 17. O-O
{[%clk 0:01:39]} Ne4 {[%clk 0:00:44]} 18. Qe2 {[%clk 0:01:15]} Bb7 19. axb4
{[%clk 0:00:48]} Qxb4 {[%clk 0:00:04]} 20. Bxc5 {[%clk 0:00:40]} Qxc5
{[%clk 0:00:04]} 21. Bxe4 {[%clk 0:00:41]} Bxe4 {[%clk 0:00:05]} 22. Qxe4+
{[%clk 0:00:41]} Kf7 23. Rfc1 {[%clk 0:00:37]} Qe7 {[%clk 0:00:06]} 24. Qc4+
{[%clk 0:00:35]} Kg6 {[%clk 0:00:07]} 25. Qg4+ {[%clk 0:00:34]} Kf7
{[%clk 0:00:08]} 26. Qc4+ {[%clk 0:00:35]} Kg6 {[%clk 0:00:08]} 27. Qg4+
{[%clk 0:00:36]} Kf7 {[%clk 0:00:08]} 28. Qc4+ {[%clk 0:00:36]} 1/2-1/2

[Event "C10"]
[Site "?"]
[Date "2020.08.30"]
[Round "6.6"]
[White "Boryna, Szymon"]
[Black "Karaszewski, Gabriel"]
[Result "1/2-1/2"]
[BlackElo "1247"]
[WhiteElo "1026"]
[LiveChessVersion "1.4.8"]

1. b3 {[%clk 0:03:04]} c5 {[%clk 0:03:02]} 2. Bb2 {[%clk 0:03:05]} d5
{[%clk 0:03:04]} 3. Nf3 {[%clk 0:03:06]} Nf6 {[%clk 0:03:03]} 4. e3
{[%clk 0:03:07]} Nc6 {[%clk 0:03:04]} 5. d4 {[%clk 0:03:08]} cxd4
{[%clk 0:03:04]} 6. Nxd4 {[%clk 0:03:09]} Nxd4 7. Bxd4 {[%clk 0:03:11]} e6
{[%clk 0:03:05]} 8. c4 {[%clk 0:03:11]} dxc4 {[%clk 0:03:02]} 9. Bxc4 Be7
{[%clk 0:03:03]} 10. O-O {[%clk 0:03:12]} O-O {[%clk 0:03:03]} 11. Nd2
{[%clk 0:03:09]} a6 {[%clk 0:03:05]} 12. a4 {[%clk 0:03:06]} Nd5 {[%clk 0:02:55]}
13. Bxd5 {[%clk 0:02:46]} Qxd5 {[%clk 0:02:56]} 14. Nc4 {[%clk 0:02:47]} Bc5
{[%clk 0:02:28]} 15. Bxc5 Qxc5 {[%clk 0:02:30]} 16. Qd6 {[%clk 0:02:39]} Qxd6
{[%clk 0:02:22]} 17. Nxd6 {[%clk 0:02:40]} Rd8 {[%clk 0:02:20]} 18. Rfd1
{[%clk 0:02:42]} Rb8 {[%clk 0:02:15]} 19. Nc4 {[%clk 0:02:37]} Rxd1+
{[%clk 0:01:41]} 20. Rxd1 {[%clk 0:02:38]} Kf8 {[%clk 0:01:42]} 21. Kf1
{[%clk 0:02:30]} b5 {[%clk 0:01:38]} 22. axb5 {[%clk 0:02:26]} axb5
{[%clk 0:01:39]} 23. Nd6 {[%clk 0:02:28]} Bb7 {[%clk 0:01:37]} 1/2-1/2